000 00540nam a2200181Ia 4500
005 20250411121939.0
008 231217s9999 xx 000 0 und d
020 _a9788120309371
082 _a001.64 SMI;2 R1
100 _aSmith, Patrick N. Guengerich, Steve.
245 0 _aClient/server computing : all in one reference for total systems development
250 _a2nd ed.
260 _c1994
_bPHI
_aNew Delhi
300 _axxv, 354
400 _aProfessional reference series
650 _aClient,server,computing
942 _cAA
999 _c199623
_d199623